000 00485nam a2200181Ia 4500
005 20250326142704.0
008 250326s9999 xx 000 0 und d
037 _aTextbook
040 _aFMSL
_beng
_cFMSL
041 _aeng
_2eng
084 _aX:71 M3
_qFMSL
100 _aBroome J
_9746435
245 0 _aMicroeconomics of capitalism
_cBroome J; `
260 _aAcademic
_bAcademic, Press
_c1983
300 _a252p
942 _cTB
_hX:71 M3
999 _c1296195
_d1296195